000 00212nam a2200097Ia 4500
008 220204s9999 xx 000 0 und d
082 _a82-3
_bNAT
100 _aNathan, R S
245 0 _aAmusement park
942 _cBK
999 _c35837
_d35837